Jeux vidéos de A-Z par image #4 - Statistiques

Statistiques générales
  • Ce quiz a été pris 1 054 fois
  • Le résultat moyen est 12 sur 26
Statistiques - réponses
Par images Hint Réponse % Correct
A Among Us
98%
S Sonic the Hedgehog
94%
P Pac-Man
93%
L Lego Horizon Adventures
91%
D Dofus
84%
R Resident Evil
74%
G Ghost of Tsushima
64%
Y Yo-Kai Watch
64%
B Baldur's Gate
56%
O Osu!
56%
K KOH-LANTA WII
53%
F Far Cry
49%
N New Super Mario Bros. Wii
45%
U Unravel
40%
H Hades
38%
C Civilization
29%
T Tom Clancy's Rainbow Six Siege
28%
W Wario Land
26%
M Marvel Snap
22%
E The Elder Scrolls
21%
J Jak and Daxter
20%
Z Zombie Army
7%
V Valkyria Chronicles
4%
I Icarus
3%
X Xenosaga
2%
Q The Quiet Man
1%
Aucun quiz correspondant
Distribution des résultats
% des personnes avec chaque résultat
Percentile par nombre de réponses
Votre historique - résultats
Vous n’avez pas pris ce quiz